| 000 | 00343 a2200145 4500 | ||
|---|---|---|---|
| 003 | Nust | ||
| 005 | 20170207153127.0 | ||
| 040 | _cNust | ||
| 082 | _a297.5 | ||
| 100 | _aAslahi,Muhammad yousaf | ||
| 245 |
_aAsan fiqha _bvol : 1 _c Muhammad Yousaf Islahi |
||
| 260 |
_alahore _bIslamic publications _c2003 |
||
| 300 | _a463:p | ||
| 650 | _aIslamic life | ||
| 942 |
_2ddc _cBK |
||
| 999 |
_c179460 _d179460 |
||